Les batailles de la liberté: mémoires d'un optimiste
Zapisane w:
| 1. autor: | |
|---|---|
| Format: | Książka |
| Język: | francuski |
| Wydane: |
París, Francia
Francois Maspero
1963
|
| Hasła przedmiotowe: | |
| Etykiety: |
Dodaj etykietę
Nie ma etykietki, Dołącz pierwszą etykiete!
|
MARC
| LEADER | 00000nam a2200000 a 4500 | ||
|---|---|---|---|
| 001 | UCO4092 | ||
| 003 | CL-VaPUC | ||
| 005 | 20241121130328.0 | ||
| 008 | 000728e19630000FR |||||||||||||||||fre|d | ||
| 999 | |c 290176 |d 290174 | ||
| 040 | |c Pontificia Universidad Católica de Valparaíso | ||
| 082 | 0 | 4 | |a 946.081 ALV 1963 |2 21 |
| 100 | 0 | |a Alvarez del Vayo, Julio |e author |9 448235 | |
| 245 | 1 | 4 | |a Les batailles de la liberté: |b mémoires d'un optimiste |
| 260 | |a París, Francia |b Francois Maspero |c 1963 | ||
| 300 | |a 313 páginas | ||
| 583 | |a last modification |c 20000728 00:00:00 |k Rodrigo Vera | ||
| 650 | 7 | |a HISTORIA DE ESPAÑA |2 CL-VaPUC |9 367657 |y 1936-1939 | |
| 650 | 0 | |a Guerra civil española |y 1936-1939 |9 331803 | |
| 852 | |a BIBCUR | ||
| 942 | |c BK |2 ddc | ||
| 945 | |d 20000728 00:00:00 |a crobeson | ||
| 952 | |0 0 |1 0 |2 ddc |4 0 |6 946_081000000000000_ALV_1963 |7 0 |8 A |9 339450 |a BIBHIS |b BIBHIS |d 2019-11-20 |i 1210033 |o 946.081 ALV 1963 |p 1210033 |r 2025-01-20 |t 1 |w 2019-11-20 |y BK |k HIS | ||